WPS (Weekly Planning Schedule) : (Record no. 23099)
[ view plain ]
| 000 -LEADER | |
|---|---|
| fixed length control field | 00888nam a2200313 a 4500 |
| 003 - CONTROL NUMBER IDENTIFIER | |
| control field | PILC |
| 005 - DATE AND TIME OF LATEST TRANSACTION | |
| control field | 20230424141622.0 |
| 008 - FIXED-LENGTH DATA ELEMENTS--GENERAL INFORMATION | |
| fixed length control field | 080513s19uu xx 00 eng d |
| 020 ## - INTERNATIONAL STANDARD BOOK NUMBER | |
| International Standard Book Number | 9719222132 |
| 050 ## - LIBRARY OF CONGRESS CALL NUMBER | |
| Classification number | HD 38.7 |
| Item number | .T161 2007 |
| 100 ## - MAIN ENTRY--PERSONAL NAME | |
| Personal name | Tan, Genevieve Ledesma. |
| 245 ## - TITLE STATEMENT | |
| Title | WPS (Weekly Planning Schedule) : |
| Remainder of title | an effective tool for an organizational efficiency / |
| Statement of responsibility, etc | Genevieve Ledesma-Tan, Marl V. Ferenal. |
| 260 ## - PUBLICATION, DISTRIBUTION, ETC. (IMPRINT) | |
| Place of publication, distribution, etc | Las Piñas City, Philippines : |
| Name of publisher, distributor, etc | AAHHPI, |
| Date of publication, distribution, etc | 2007. |
| 300 ## - PHYSICAL DESCRIPTION | |
| Extent | 251 pages : |
| Other physical details | illustrations ; |
| Dimensions | 24 cm. |
| 500 ## - GENERAL NOTE | |
| General note | Includes bibliographical references. |
| 650 ## - SUBJECT ADDED ENTRY--TOPICAL TERM | |
| Topical term or geographic name as entry element | Organizational effectiveness. |
| 942 ## - ADDED ENTRY ELEMENTS (KOHA) | |
| Koha item type | Books |
| Source of classification or shelving scheme | Library of Congress Classification |
| Call number prefix | Local |
| Withdrawn status | Lost status | Source of classification or shelving scheme | Damaged status | Home library | Current library | Shelving location | Date acquired | Source of acquisition | Total Checkouts | Full call number | Barcode | Date last seen | Copy number | Price effective from | Koha item type | Date checked out | Total Renewals | Sub Shelving location |
|---|---|---|---|---|---|---|---|---|---|---|---|---|---|---|---|---|---|---|
| Library of Congress Classification | Archives | Archives | 05/13/2008 | Donation | HD 38.7 .T161 2007 | C9404 | 05/15/2018 | 1 | 10/18/2013 | Books | ||||||||
| Library of Congress Classification | Archives | Archives | 12/05/2013 | Donation | HD 38.7 .T161 2007 | C9411 | 05/15/2018 | 2 | 12/05/2013 | Books | ||||||||
| Library of Congress Classification | Archives | Archives | 12/05/2013 | Donation | HD 38.7 .T161 2007 | C9412 | 05/15/2018 | 3 | 12/05/2013 | Books | ||||||||
| Library of Congress Classification | Archives | Archives | 12/05/2013 | Donation | HD 38.7 .T161 2007 | C9407 | 05/15/2018 | 4 | 12/05/2013 | Books | ||||||||
| Library of Congress Classification | Archives | Archives | 12/05/2013 | Donation | HD 38.7 .T161 2007 | C9408 | 05/15/2018 | 5 | 12/05/2013 | Books | ||||||||
| Library of Congress Classification | Archives | Archives | 12/05/2013 | Donation | HD 38.7 .T161 2007 | C9409 | 05/15/2018 | 6 | 12/05/2013 | Books | ||||||||
| Library of Congress Classification | Archives | Archives | 12/05/2013 | Donation | HD 38.7 .T161 2007 | C9406 | 05/15/2018 | 8 | 12/05/2013 | Books | ||||||||
| Library of Congress Classification | Archives | Archives | 12/05/2013 | Donation | HD 38.7 .T161 2007 | C9410 | 05/15/2018 | 10 | 12/05/2013 | Books | ||||||||
| Library of Congress Classification | College Library | College Library | Filipiniana Section | 12/05/2013 | Donation | 1 | HD 38.7 .T161 2007 | C9403 | 05/15/2018 | 7 | 12/05/2013 | Books | 07/05/2017 | |||||
| Library of Congress Classification | College Library | College Library | Filipiniana Section | 12/05/2013 | Donation | HD 38.7 .T161 2007 | C9405 | 05/15/2018 | 9 | 12/05/2013 | Books | |||||||
| Library of Congress Classification | College Library | College Library | Filipiniana Section | 06/04/2015 | Library Fund | 2 | HD 38.7 .T161 2007 | C19567 | 01/26/2026 | 06/04/2015 | Books | 01/23/2026 | 1 | |||||
| Library of Congress Classification | Southville International School Affiliated with Foreign Universities Library | Southville International School Affiliated with Foreign Universities Library | Southville Foreign University Section | 06/26/2020 | Donation | HD 38.7 .T161 2007 | SFU0750 | 06/26/2020 | 06/26/2020 | Books |